[Event "10th KiiT Festival 2017"]
[Site "Bhubaneshwar"]
[Date "2017.05.29"]
[Round "5"]
[White "Raghunandan, Kaumandur Srihari"]
[Black "Pranav Anand"]
[Result "1-0"]
[WhiteElo "2410"]
[BlackElo "2068"]
[Annotator "TA"]
[PlyCount "63"]
[EventDate "2017.05.26"]
[EventType "swiss"]
[EventCountry "IND"]
[SourceTitle "playchess.com"]
[Source "ChessBase"]
[SourceQuality "1"]

{[%evp 9,63,52,90,97,110,83,83,80,87,65,77,83,101,78,95,80,83,77,90,89,77,56,46,19,21,21,31,43,47,34,48,24,67,74,74,76,120,108,105,122,130,49,131,99,180,162,182,80,485,460,869,838,830,719,714,704]} 1. d4 Nf6 2. c4 e6 3. a3 c5 4. d5 d6 5. Nc3 e5 (5... exd5 6. cxd5 g6 7. Qd3 Bg7 8. Qe3+ Kf8 9. Qd3 a6 10. a4 Nbd7 11. Nf3 Ng4 12. Nd2 {0-1 (54) Kudischewitsch,D (2334)-Gajewski,G (2646) Jerusalem 2015}) 6. e4 {E00: Catalan Bogo-Indian (3 g3 Bb4+)} g6 7. g3 $146 ({Predecessor:} 7. Be2 Bg7 8. Nf3 O-O 9. O-O Nh5 10. Ne1 Nf4 11. Bxf4 exf4 12. Nd3 {1-0 (30) Chumpitaz Carbajal,A (2219)-Gelip,I (2016) Maribor 2012}) 7... Bg7 8. Bg2 {White is better.} O-O 9. Nf3 Na6 10. O-O Nh5 11. Ne1 Qe7 12. Bd2 Bd7 13. Nd3 f5 14. exf5 Bxf5 15. Ne4 (15. Qe2 {with more complications.} Nf6 16. f3 Nc7 17. g4 Bd7 18. a4) 15... Nf6 16. Qe2 (16. Bg5 {is interesting.} Qd7 17. f3 b5 18. Qc2 Rab8 19. b3) 16... Nxe4 17. Bxe4 Nc7 18. b4 b5 19. Rac1 bxc4 20. Rxc4 {[%cal Rb4c5]} Nb5 {Hoping for ...Nd4.} 21. Bxf5 ({Don't blunder} 21. bxc5 $2 Nd4 $19) 21... Rxf5 22. bxc5 Qf7 {With the idea ...Nd4.} 23. Be3 Qxd5 24. Nb4 Qe6 25. cxd6 ({Better is} 25. Rcc1 $16 dxc5 26. Rxc5 (26. Qxb5 cxb4 27. Rc7 Rf7 $16) (26. Bxc5 Rb8 $16) 26... Nxa3 27. Qd3) 25... Nxd6 (25... a5 $14) 26. Rc6 $16 a5 (26... Bf8 $16) 27. Rd1 $36 {[%mdl 2048] Black is under strong pressure.} Bf8 {[#]} 28. Nd5 (28. Na6 $1 $18) 28... Rh5 $2 {[%mdl 8192]} (28... Rc8 $16 29. Rxc8 Qxc8) 29. Bc5 $18 {White is clearly winning.} Rc8 (29... Rd8 $142 30. Nf4 Qe8) 30. Rxc8 Nxc8 31. Bxf8 Kxf8 {[#]} 32. Nf4 $1 {[%mdl 512] Precision: White = 53%, Black = 27%.} 1-0

[Event "10th KiiT Festival 2017"]
[Site "Bhubaneshwar"]
[Date "2017.05.29"]
[Round "5"]
[White "Sidhant, Mohapatra"]
[Black "Raahul V S"]
[Result "1-0"]
[WhiteElo "2393"]
[BlackElo "2311"]
[Annotator "ChessBase"]
[PlyCount "53"]
[EventDate "2017.05.26"]
[EventType "swiss"]
[EventCountry "IND"]
[SourceTitle "playchess.com"]
[Source "ChessBase"]
[SourceQuality "1"]
[TimeControl "5400+30"]

1. e4 e6 2. d4 d5 3. Nc3 Nf6 4. e5 Nfd7 5. f4 c5 6. Nf3 Nc6 7. Be3 Be7 8. a3 a6 9. dxc5 Nxc5 10. b4 Nd7 11. Bd3 O-O 12. O-O Nb6 13. Nd4 Qc7 14. Kh1 g6 15. Qe1 Bd7 16. Qf2 Nc4 17. Bxc4 dxc4 18. Ne4 Kg7 19. Nf3 f6 20. Bb6 Qc8 21. exf6+ Bxf6 22. Nxf6 Rxf6 23. Rad1 e5 24. fxe5 Nxe5 25. Bd4 Ng4 26. Qh4 Qf8 27. h3 1-0

[Event "10th KiiT Festival 2017"]
[Site "Bhubaneshwar"]
[Date "2017.05.29"]
[Round "5"]
[White "Krishna C R G"]
[Black "Nitin Shankar Madhu"]
[Result "1/2-1/2"]
[WhiteElo "2392"]
[BlackElo "1709"]
[Annotator "TA"]
[PlyCount "36"]
[EventDate "2017.05.26"]
[EventType "swiss"]
[EventCountry "IND"]
[SourceTitle "playchess.com"]
[Source "ChessBase"]
[SourceQuality "1"]

{[%evp 13,36,46,83,52,52,26,50,39,27,33,37,39,44,29,27,30,81,78,123,0,71,0,118,0,94]} 1. Nf3 g6 2. d4 Bg7 3. e4 c6 4. Nc3 d5 5. Be2 Bg4 6. Be3 {[%cal Bc1e3,Be3g5,Bg5f4][%mdl 32]} dxe4 7. Nxe4 Nh6 {LiveBook: 4 Games. B15: Caro-Kann: 3 Nc3: 3...g6 and 3...dxe4 4 Nxe4 Nf6 5 Nxf6+ exf6} (7... Nd7 8. O-O Ngf6 9. Nxf6+ Nxf6 10. h3 Bxf3 11. Bxf3 Nd5 12. Bc1 O-O 13. c3 Qd7 14. Re1 Rfe8 15. Bg5 h6 16. Bh4 e6 17. Bg3 Rad8 18. Qc2 Ne7 19. Be5 Nf5 20. Bxg7 Kxg7 21. Re5 Nd6 22. Rae1 Nc4 {½-½ (22) Popov,V (2570)-Ushakov,G (2224) Riazan 2009}) 8. c3 Nf5 9. Bg5 $146 ({Predecessor:} 9. Bf4 Nd7 10. O-O O-O 11. Re1 Nf6 12. Nxf6+ Bxf6 13. h3 Bxf3 14. Bxf3 e6 15. Be5 Bxe5 16. Rxe5 {0-1 (67) Brown,M (2224)-Arkell,K (2441) North Shields 2012}) 9... h6 {[#] White must now prevent ...Bxf3.White has an edge.} 10. Bf4 Nd7 11. O-O O-O 12. Qb3 Qb6 13. Qc2 Bxf3 14. Bxf3 Nh4 (14... e5 $11 {remains equal.} 15. dxe5 Nxe5) 15. Be2 $16 Nf5 16. Bf3 (16. g4 $142 g5 17. Bd2 (17. gxf5 gxf4 18. Kh1 c5 $14)) 16... Nh4 17. Be2 (17. Bg4 $5 {[%cal Rg4d7]} e6 18. Be2 $16) 17... Nf5 $1 18. Bf3 Nh4 {Precision: White = 41%, Black = 68%.} 1/2-1/2

[Event "10th KiiT Festival 2017"]
[Site "Bhubaneshwar"]
[Date "2017.05.29"]
[Round "5"]
[White "Ravi, Teja S"]
[Black "Doshi, Moksh Amitbhai"]
[Result "1-0"]
[WhiteElo "2369"]
[BlackElo "2188"]
[Annotator "ChessBase"]
[PlyCount "61"]
[EventDate "2017.05.26"]
[EventType "swiss"]
[EventCountry "IND"]
[SourceTitle "playchess.com"]
[Source "ChessBase"]
[SourceQuality "1"]
[TimeControl "5400+30"]

1. d4 Nf6 2. c4 e6 3. Nc3 Bb4 4. Qc2 d5 5. cxd5 Qxd5 6. Nf3 Qf5 7. Qxf5 exf5 8. Bd2 c6 9. e3 Nbd7 10. Bd3 Nb6 11. Ke2 Be6 12. Nb5 cxb5 13. Bxb5+ Bd7 14. Bxd7+ Nfxd7 15. Bxb4 Nd5 16. Bd6 f6 17. h3 a5 18. g4 Ra6 19. Bg3 Rb6 20. Rab1 fxg4 21. hxg4 O-O 22. Rhc1 Re8 23. Nd2 Rb4 24. Kd3 N5b6 25. Ne4 Rc8 26. Rxc8+ Nxc8 27. Rc1 Ncb6 28. b3 a4 29. Bd6 Rb5 30. b4 a3 31. Bc5 1-0

[Event "10th KiiT Festival 2017"]
[Site "Bhubaneshwar"]
[Date "2017.05.29"]
[Round "5"]
[White "Navalgund, Niranjan"]
[Black "Ghosh, Diptayan"]
[Result "1/2-1/2"]
[WhiteElo "2351"]
[BlackElo "2569"]
[Annotator "TA"]
[PlyCount "85"]
[EventDate "2017.05.26"]
[EventType "swiss"]
[EventCountry "IND"]
[SourceTitle "playchess.com"]
[Source "ChessBase"]
[SourceQuality "1"]

{[%evp 17,85,-15,7,-12,14,20,14,-2,20,20,11,14,25,29,25,22,61,53,66,41,33,0,48,0,0,0,0,0,0,0,0,0,4,4,12,-13,-10,-10,-18,-14,-5,-10,-9,-10,0,0,0,-28,-28,-28,-28,-58,-58,-58,-18,-58,-58,-58,-58,-58,-58,-58,-58,-58,-43,-62,-62,-57,-57,-62]} 1. d4 Nf6 2. c4 e6 3. Nc3 Bb4 4. Bd2 O-O 5. Nf3 d5 6. e3 b6 7. cxd5 exd5 8. Be2 {E51: Nimzo-Indian: Rubinstein: 4...0-0 5 Nf3 d5} Bb7 9. O-O Nbd7 {LiveBook: 3 Games} 10. Ne5 $146 {The position is equal.} ({Predecessor:} 10. Rc1 a6 11. Ne5 Bd6 12. f4 c5 13. Be1 cxd4 14. exd4 Ne4 15. Qb3 Ndf6 {½-½ (76) Riazantsev,A (2671)-Smirnov,P (2595) Khanty-Mansiysk 2016}) 10... Nxe5 11. dxe5 Bxc3 12. Bxc3 Ne4 13. Be1 Qg5 14. f4 Qe7 15. Bd3 Rad8 16. Qh5 Qc5 17. Rf3 d4 18. Rh3 {[%csl Gh3][%cal Rh5h7] [#]} h6 19. b4 Qc6 {aiming for ...Nf2!} (19... Qd5 {looks sharper.} 20. Qf5 Rfe8 21. Rf3 dxe3 22. Bxe4 Qxe4 23. Qxe4 Bxe4 24. Rxe3 Rd4) 20. Qf3 (20. Bh4 {seems wilder.} Rde8 21. Rd1 Re6 22. Bxe4 Qxe4 23. Rg3) 20... dxe3 21. Bxe4 Qxe4 22. Qxe4 Bxe4 23. Rxe3 Rd4 24. Rc1 Rc8 25. Ra3 Bd5 (25... a5 $5) 26. Rxa7 (26. g3 {with more complications.} Re4 27. Rxa7 b5 28. Ra5 Rb8 29. a4) 26... Rxf4 27. Raxc7 Rxc7 28. Rxc7 $11 {[%mdl 4096] Endgame KRB-KRB} Re4 29. Bc3 Re2 30. Rd7 Rxg2+ 31. Kf1 Be4 (31... Rc2 {feels hotter.} 32. Rxd5 Rxc3 33. a4 Kf8 34. Rd7 Rc2) 32. Rd2 (32. e6 {is interesting.} fxe6 33. Rd4 Bf3 34. Rd3 Bb7 35. Rd7) 32... Rxd2 33. Bxd2 {KB-KB} b5 34. h4 Kh7 35. Kf2 Kg6 36. Bc3 Kf5 {Black is slightly better.} 37. Kg3 Bd5 38. a3 Ke4 39. Be1 Be6 40. Bd2 Kd3 41. Be1 Ke3 42. Bf2+ Ke4 43. Be1 {Precision: White = 71%, Black = 67%.} 1/2-1/2

[Event "10th KiiT Festival 2017"]
[Site "Bhubaneshwar"]
[Date "2017.05.29"]
[Round "5"]
[White "Sai Krishna G V"]
[Black "Hirthickkesh PR"]
[Result "1-0"]
[WhiteElo "2339"]
[BlackElo "2168"]
[Annotator "TA"]
[PlyCount "65"]
[EventDate "2017.05.26"]
[EventType "swiss"]
[EventCountry "IND"]
[SourceTitle "playchess.com"]
[Source "ChessBase"]
[SourceQuality "1"]

{[%evp 22,65,0,14,63,56,77,39,96,111,95,100,116,105,113,104,162,171,169,179,172,0,0,0,0,0,0,0,282,297,1534,244,208,227,208,101,1381,1386,29985,29986,29992,29989,29993,29994,29994,29986]} 1. e4 e5 2. Nf3 Nc6 3. Bb5 {[%cal Bf1b5,Bb5a4,Ba4b3][%mdl 32]} a6 4. Ba4 Nf6 5. O-O b5 6. Bb3 Bb7 7. c3 Nxe4 8. d4 exd4 9. Re1 {C78: Ruy Lopez: Archangelsk and Möller Defences} d5 10. Ng5 Qd7 11. f3 h6 12. Nxf7 $1 {LiveBook: 14 Games} Kxf7 $146 ({Predecessor:} 12... Qxf7 13. fxe4 O-O-O 14. cxd4 Bb4 15. Nc3 Rhf8 16. Be3 Na5 {1-0 (45) Movsesian,S (2723)-Georgiev,V (2573) Khanty-Mansiysk 2010}) 13. fxe4 Na5 14. e5 {e6+ is the strong threat.} Qe6 (14... Kg8 $14) 15. Bc2 $16 dxc3 16. Nxc3 Bc5+ 17. Kh1 $1 Raf8 18. Ne2 $1 {[%cal Re2f4,Bc3e2,Be2d4,Bd4e6][%mdl 32] And now Nf4 would win.} ({But not} 18. Be3 $6 Bxe3 19. Qf3+ (19. Rxe3 Ke8 $15) 19... Kg8 $11) 18... g5 {[#]} (18... Qg4 $16) 19. b4 $1 $36 {[%cal Rb4c5][%mdl 2560] Keeping Black busy.} Bxb4 20. Nd4 Qb6 21. Qh5+ $2 (21. e6+ $18 Ke7 22. Bd2 Bxd2 23. Qxd2) 21... Ke7 $1 $11 {[#]} 22. Bxg5+ $1 {[%mdl 512]} hxg5 23. Qxg5+ Kd7 $1 24. Qg4+ Kd8 $2 {[%mdl 8192]} (24... Ke7 $1 $11 {and Black is okay.} 25. Qg5+ (25. Nf5+ Kd8 $17) 25... Kd7 26. Bf5+ Rxf5 $1 {[%mdl 512]} 27. Qxf5+ Ke8) 25. Ne6+ $18 {[#]} Ke8 $2 (25... Qxe6 $1 {[%mdl 512]} 26. Qxe6 Bxe1 27. Rxe1 Rh5) 26. Qg6+ $2 (26. Bg6+ Rf7 27. Rf1 (27. Qxb4 $2 Qxe6 28. Bxf7+ Qxf7 $19)) 26... Ke7 27. Nxf8 Rxf8 28. Qg7+ (28. Qg5+ $18 {is more deadly.} Kd7 29. Qg4+ Kd8 30. Qxb4) 28... Rf7 $2 {[%mdl 8192]} (28... Kd8 $16) 29. Qg5+ Kf8 30. e6 {White mates.} Bxe1 31. exf7 Qf2 32. Qg8+ Ke7 33. Qe8+ {Precision: White = 59%, Black = 38%.} 1-0

[Event "10th KiiT Festival 2017"]
[Site "Bhubaneshwar"]
[Date "2017.05.29"]
[Round "5"]
[White "Roy Chowdhury, Saptarshi"]
[Black "Ramakrishna J"]
[Result "1/2-1/2"]
[WhiteElo "2326"]
[BlackElo "2157"]
[Annotator "TA"]
[PlyCount "49"]
[EventDate "2017.05.26"]
[EventType "swiss"]
[EventCountry "IND"]
[SourceTitle "playchess.com"]
[Source "ChessBase"]
[SourceQuality "1"]

{[%evp 20,49,37,45,45,25,37,40,32,25,46,46,58,49,50,52,59,49,47,41,41,44,84,80,82,50,68,35,43,0,0,0]} 1. e4 c5 2. Nf3 d6 3. c3 Nf6 4. Be2 Nbd7 5. d3 b6 6. O-O Bb7 7. Re1 g6 8. Nbd2 Bg7 {B50: Sicilian: 2...d6, Miscellaneous} 9. Bf1 Ne5 10. Nxe5 dxe5 11. Nc4 {LiveBook: 5 Games} Nd7 12. Bg5 O-O 13. a4 {[#]} Nb8 $146 ({Predecessor:} 13... h6 14. Be3 Qc7 15. b4 cxb4 16. cxb4 {1-0 (42) Amin,B (2544)-Erdogdu,M (2513) Bursa 2010}) 14. Be3 Nc6 15. a5 {Threatens to win with axb6.} Ba6 16. axb6 axb6 17. Qb3 Bxc4 $1 18. Qxc4 Qc7 19. Qb5 h5 20. Rec1 Na7 21. Qc4 Rfc8 22. b4 cxb4 23. Qxc7 Rxc7 24. Bxb6 (24. cxb4 $5 {[%cal Rc1c7]} Rxc1 25. Rxc1 $14 (25. Bxc1 Rc8 $14)) 24... Rxc3 {White must now prevent ...Bh6.} 25. Rxc3 {Precision: White = 53%, Black = 73%.} 1/2-1/2

[Event "10th KiiT Festival 2017"]
[Site "Bhubaneshwar"]
[Date "2017.05.29"]
[Round "5"]
[White "Roy Chowdhury, Saptarshi"]
[Black "Datta Ramakrishna J"]
[Result "1/2-1/2"]
[WhiteElo "2326"]
[BlackElo "1364"]
[Annotator "ChessBase"]
[PlyCount "49"]
[EventDate "2017.05.26"]
[EventType "swiss"]
[EventCountry "IND"]
[SourceTitle "playchess.com"]
[Source "ChessBase"]
[SourceQuality "1"]
[TimeControl "40/5400+30:1800+30"]

1. e4 c5 2. Nf3 d6 3. c3 Nf6 4. Be2 Nbd7 5. d3 b6 6. O-O Bb7 7. Re1 g6 8. Nbd2 Bg7 9. Bf1 Ne5 10. Nxe5 dxe5 11. Nc4 Nd7 12. Bg5 O-O 13. a4 Nb8 14. Be3 Nc6 15. a5 Ba6 16. axb6 axb6 17. Qb3 Bxc4 18. Qxc4 Qc7 19. Qb5 h5 20. Rec1 Na7 21. Qc4 Rfc8 22. b4 cxb4 23. Qxc7 Rxc7 24. Bxb6 Rxc3 25. Rxc3 1/2-1/2

[Event "10th KiiT Festival 2017"]
[Site "Bhubaneshwar"]
[Date "2017.05.29"]
[Round "5"]
[White "Karthik Venkataraman"]
[Black "Shyaamnikhil P"]
[Result "1-0"]
[WhiteElo "2317"]
[BlackElo "2457"]
[Annotator "TA"]
[PlyCount "73"]
[EventDate "2017.05.26"]
[EventType "swiss"]
[EventCountry "IND"]
[SourceTitle "playchess.com"]
[Source "ChessBase"]
[SourceQuality "1"]

{[%evp 9,73,8,20,17,6,13,27,12,19,2,61,47,47,45,56,50,54,34,34,18,38,38,42,27,27,0,4,0,16,20,52,59,50,50,46,38,82,75,85,51,323,309,274,260,602,608,584,591,592,581,594,559,629,617,772,609,721,535,1269,1297,2020,1882,1697,1624,1215,1189]} 1. b3 d5 2. Bb2 Bg4 3. f3 Bf5 4. e3 c6 (4... e6 5. Nc3 Be7 6. Qe2 c5 7. Qb5+ Qd7 8. e4 dxe4 9. Nxe4 Qxb5 10. Bxb5+ Kf8 11. O-O-O {½-½ (46) Jobava,B (2702)-Matlakov,M (2694) Doha 2016}) 5. d4 $146 ({Predecessor:} 5. f4 Nd7 6. Nf3 e6 7. Be2 Bg4 8. O-O Nh6 9. Ne5 Nxe5 10. fxe5 Bxe2 11. Qxe2 Be7 12. d4 O-O 13. Nd2 f6 14. Rad1 fxe5 15. dxe5 {0-1 (15) Pastar,S (2218)-Pucovski,M (2301) Novi Sad 2016}) 5... e6 6. Nc3 {A01: Nimzowitsch-Larsen Opening} Nd7 7. Qd2 Bg6 8. Nge2 {White has an edge.} Bd6 9. h4 {[%cal Bh2h4,Bh4h5][%mdl 32]} f6 (9... h5 $11) 10. h5 Bf7 11. e4 Qa5 12. g4 h6 13. Bg2 Ne7 14. f4 O-O-O 15. e5 Ba3 16. Bxa3 (16. Nxd5 $5 Qxd2+ 17. Kxd2 Bxb2 18. Nxe7+ Kc7 19. Rab1 $16) 16... Qxa3 17. Na4 b5 18. Nc5 Nxc5 19. dxc5 Qxc5 20. b4 $36 {[%mdl 2048] Black is under pressure.} Qb6 21. Nd4 Rhf8 22. a4 fxe5 23. fxe5 Bg8 24. Rh3 Rd7 $2 {[%mdl 8192]} (24... bxa4 $1 $14 25. Rxa4 g5) 25. axb5 $18 cxb5 {[#] And now ...Nc6 would win.} 26. Rha3 Kb7 $2 (26... Kd8 27. Ra6 Qc7) 27. Rxa7+ {White is clearly winning.} Qxa7 28. Rxa7+ Kxa7 29. Nxb5+ Kb8 30. Qd4 Nc8 31. c4 Rb7 32. Qc5 Rf4 33. Nd4 Ne7 34. Qd6+ Kc8 35. Nxe6 Bxe6 36. Qxe6+ Kd8 37. cxd5 {Precision: White = 79%, Black = 28%.} 1-0

[Event "10th KiiT Festival 2017"]
[Site "Bhubaneshwar"]
[Date "2017.05.29"]
[Round "5"]
[White "Aradhya, Garg"]
[Black "Wagh Suyog"]
[Result "1/2-1/2"]
[WhiteElo "2304"]
[BlackElo "2138"]
[Annotator "TA"]
[PlyCount "140"]
[EventDate "2017.05.26"]
[EventType "swiss"]
[EventCountry "IND"]
[SourceTitle "playchess.com"]
[Source "ChessBase"]
[SourceQuality "1"]

{[%evp 17,140,20,28,20,3,0,11,0,0,-18,-18,-14,-16,-42,-58,-91,-34,-35,-25,-41,-47,-46,-36,-33,-42,-56,-41,-56,-63,-79,-55,-75,-53,-54,-37,-126,-95,-148,-128,-140,-133,-142,-131,-141,-154,-135,-137,-137,-104,-198,-187,-245,-231,-237,-235,-190,-204,-409,-402,-401,-406,-387,-390,-505,-371,-384,-378,-358,-233,-391,-375,-383,-195,-202,-193,-216,-138,-132,-128,-209,-206,-326,-323,-698,-643,-505,-202,-458,-193,-202,-91,-303,0,-313,-172,-202,-202,-202,-158,-172,-166,-165,-152,-195,-195,-195,-191,-188,-119,-119,-122,-201,0,-134,0,-163,0,0,0,-134,0,-142,0,0,0]} 1. d4 Nf6 2. c4 e6 3. Nf3 b6 4. a3 Ba6 5. Qb3 d5 6. cxd5 {E12: Queen's Indian: Unusual White 4th moves, 4 a3, 4 Nc3 Bb7 5 a3 and 4 Nc3 Bb7} exd5 7. Nc3 Be7 8. g3 O-O 9. Bg2 c5 {[%cal Bc7c5,Bc5d4][%mdl 32] LiveBook: 3 Games} 10. O-O (10. Ne5 $5 {[%cal Rc3d5]} Bb7 11. dxc5 $14) 10... Nc6 {[%cal Bb8c6,Bc6a5,Ba5b3][%mdl 32]} 11. Rd1 $146 ({Predecessor:} 11. Qa4 cxd4 12. Nxd5 Bxe2 13. Nxf6+ Bxf6 14. Qxc6 {0-1 (42) Barbosa,O (2550)-Yu,Y (2626) Ho Chi Minh City 2012}) 11... Bc4 12. Qc2 Na5 13. Nd2 cxd4 14. Nxc4 dxc4 15. Nb5 Nb3 16. Rb1 a6 (16... Rc8 $17 17. Nxa7 Rc5) 17. Qxc4 $15 Na5 ({Don't play} 17... Nxc1 $6 18. Nxd4 Rc8 19. Bc6 $14) 18. Qxd4 axb5 19. Bxa8 {aiming for Qxd8.} Qxd4 20. Rxd4 {And now Bf3 would win.} Rxa8 21. Rd3 Nc4 $36 {[%mdl 2048] Black has the initiative.} 22. Be3 Ne4 23. Kg2 Nc5 (23... Kf8 {looks sharper.} 24. Bd4 Nc5 25. Rdd1 f5 26. Bxc5 bxc5 27. Rd7 Rb8) 24. Rd5 Nxe3+ 25. fxe3 Bf6 26. Rbd1 ({White should try} 26. Rd6 $15) 26... h6 27. R1d2 ({Better is} 27. Rd6) 27... Re8 $1 $17 28. b4 Na4 $1 29. R2d3 Nb2 30. Rb3 Nc4 31. Rxb5 Nxe3+ 32. Kf2 Nc2 33. Rd3 (33. e3 $17) 33... Ra8 34. e3 (34. Rbd5 {was worth a try.}) 34... Nxa3 $19 35. Rxb6 Nc4 36. Rb5 Ra2+ 37. Kg1 $2 (37. Ke1 {was called for.}) 37... Ne5 38. Rdd5 Nf3+ 39. Kf1 Nxh2+ 40. Ke1 Ng4 41. Rd3 Be5 42. e4 f6 43. Rb7 $2 (43. Rb3 {only move.}) 43... Rg2 44. Kf1 Rxg3 (44... Rb2 $142 45. b5 Kh7) 45. Rxg3 Bxg3 46. b5 Ne5 47. Rc7 Nf7 $1 48. Rc8+ (48. Ra7 $17 {might work better.}) 48... Kh7 49. Kg2 (49. b6 $142 Nd6 50. Rc3) 49... Nd6 50. Rc2 $2 (50. Rd8 Be5 51. b6) 50... Be5 51. b6 Nb7 (51... g5 $142 52. Rc7+ Kg6) 52. Kf3 $2 (52. Ra2) 52... Kg6 (52... h5 $142 53. Ra2 Kg6) 53. Ra2 Nd8 (53... Nc5 $19 {is more deadly.} 54. Rd2 h5) 54. Rc2 $2 (54. Ra8 $17 {is a better defense.} Nb7 55. Ra7) 54... Nb7 $2 (54... Bd4 $19 55. Rg2+ Kh7) 55. Rd2 $2 {[%mdl 8192]} (55. Ra2 $1 $11) 55... Nc5 (55... Nd6 $142 56. Ra2 Nb7 57. Rg2+ Kf7) 56. Rc2 Nd7 57. b7 Nb8 58. Rc8 Kg5 59. Rg8 {[#]} g6 $1 60. Kg2 h5 61. Kh3 Kh6 62. Rc8 Kg7 (62... g5 $19 63. Rd8 Kg6) 63. Kh4 $17 Kf7 64. Rh8 {[#]} (64. Rd8 $17) 64... Kg7 $2 (64... f5 $1 $19 65. Rc8 f4) 65. Re8 (65. Rc8 $1 $11) 65... Kf7 66. Rh8 Ke6 $2 (66... f5 $19 67. Rc8 f4) 67. Rg8 $11 Kf7 68. Rc8 (68. Rh8 $11 {was the only way to keep the balance.}) 68... Kg7 69. Re8 $1 Na6 (69... Bh2 $17 70. Re7+ Kh6) 70. Re6 $1 {[%cal Re6a6]} Nb8 {Precision: White = 34%, Black = 46%.} 1/2-1/2

[Event "10th KiiT Festival 2017"]
[Site "Bhubaneshwar"]
[Date "2017.05.29"]
[Round "5"]
[White "Muthaiah AL"]
[Black "Senthil Maran K"]
[Result "1-0"]
[WhiteElo "2289"]
[BlackElo "2111"]
[Annotator "ChessBase"]
[PlyCount "111"]
[EventDate "2017.05.26"]
[EventType "swiss"]
[EventCountry "IND"]
[SourceTitle "playchess.com"]
[Source "ChessBase"]
[SourceQuality "1"]
[TimeControl "5400+30"]

1. c4 Nf6 2. Nc3 g6 3. d4 d5 4. Bf4 c6 5. e3 Bg7 6. Nf3 O-O 7. h3 Qa5 8. Nd2 Bf5 9. Be2 Nbd7 10. O-O Ne4 11. Ndxe4 Bxe4 12. Qb3 Qb6 13. f3 Qxb3 14. axb3 Bc2 15. cxd5 cxd5 16. Nxd5 e5 17. dxe5 Bxb3 18. Nc7 Rac8 19. e6 fxe6 20. Bd6 Rf7 21. Rxa7 Bf8 22. Bxf8 Nxf8 23. Rxb7 Bc2 24. Rc1 Rfxc7 25. Rxc7 Rxc7 26. Bd1 Bxd1 27. Rxc7 Ba4 28. e4 Nd7 29. Kf2 Kf8 30. Ke3 Ke7 31. h4 e5 32. Ra7 Bc6 33. g3 Kd6 34. f4 h5 35. b4 Bb5 36. Ra8 Bc6 37. Ra6 Kc7 38. b5 Bxb5 39. Rxg6 exf4+ 40. gxf4 Ba4 41. f5 Kd8 42. Kf4 Ke7 43. e5 Nc5 44. Rg7+ Kf8 45. Ra7 Bc2 46. Rc7 Nd3+ 47. Kg5 Ba4 48. e6 Ne5 49. f6 Be8 50. Rc8 Nf3+ 51. Kf4 Nd4 52. Ke5 Nf3+ 53. Kd6 Nxh4 54. f7 Nf5+ 55. Ke5 Ng7 56. Kf6 1-0

[Event "10th KiiT Festival 2017"]
[Site "Bhubaneshwar"]
[Date "2017.05.29"]
[Round "5"]
[White "Sammed Jaykumar, Shete"]
[Black "Prasant N Nayagam"]
[Result "1/2-1/2"]
[WhiteElo "2263"]
[BlackElo "2087"]
[Annotator "ChessBase"]
[PlyCount "92"]
[EventDate "2017.05.26"]
[EventType "swiss"]
[EventCountry "IND"]
[SourceTitle "playchess.com"]
[Source "ChessBase"]
[SourceQuality "1"]
[TimeControl "5400+30"]

1. e4 c5 2. Nf3 d6 3. Bb5+ Bd7 4. Bxd7+ Qxd7 5. c4 Nc6 6. Nc3 g6 7. d4 cxd4 8. Nxd4 Bg7 9. Be3 Nf6 10. f3 Rc8 11. b3 O-O 12. O-O a6 13. Qd3 Qd8 14. Rac1 Qa5 15. Rfd1 h5 16. Qd2 Kh7 17. Nxc6 Rxc6 18. a4 Rcc8 19. h3 Qb4 20. Qc2 Bh6 21. f4 h4 22. Kh1 Qa5 23. Qf2 Qh5 24. Nd5 Nxe4 25. Qe1 Ng3+ 26. Kh2 Nf5 27. Bf2 Bg7 28. a5 e6 29. Nb6 Rcd8 30. Qe4 Ng3 31. Qxb7 Ne2 32. Rc2 Nxf4 33. Qf3 Qxa5 34. c5 Be5 35. Nc4 Qb4 36. cxd6 Nd3+ 37. Nxe5 Nxe5 38. Qe3 Rxd6 39. Qxe5 Rxd1 40. Rc4 Rd5 41. Qf6 Qd2 42. Rxh4+ Rh5 43. Bd4 Qh6 44. Rg4 g5 45. Qe7 Rh4 46. Rxh4 gxh4 1/2-1/2

[Event "10th KiiT Festival 2017"]
[Site "Bhubaneshwar"]
[Date "2017.05.29"]
[Round "5"]
[White "Sahoo, Utkal Ranjan"]
[Black "Avdhoot Lendhe"]
[Result "1-0"]
[WhiteElo "2256"]
[BlackElo "2080"]
[Annotator "ChessBase"]
[PlyCount "85"]
[EventDate "2017.05.26"]
[EventType "swiss"]
[EventCountry "IND"]
[SourceTitle "playchess.com"]
[Source "ChessBase"]
[SourceQuality "1"]
[TimeControl "5400+30"]

1. d4 Nf6 2. c4 e6 3. Nc3 Bb4 4. Nf3 c5 5. Bd2 cxd4 6. Nxd4 O-O 7. a3 Be7 8. e4 d6 9. Be2 b6 10. Bf3 a6 11. e5 dxe5 12. Bxa8 exd4 13. Ne4 Qc7 14. Nxf6+ Bxf6 15. Be4 Qxc4 16. Rc1 Qb5 17. Qc2 g6 18. Bb4 Rd8 19. Qxc8 a5 20. Bd6 d3 21. Qc7 Kg7 22. Bf4 Qxb2 23. Bd2 Rd4 24. Qf4 g5 25. Qe3 Nd7 26. h4 Nc5 27. Bxh7 Kxh7 28. hxg5+ Kg8 29. gxf6 Rg4 30. Rh8+ Kxh8 31. Qh3+ Kg8 32. Qxg4+ Kf8 33. Qg7+ Ke8 34. Qg8+ Kd7 35. Qxf7+ Kd6 36. Qe7+ Kd5 37. Qd8+ Kc6 38. f7 Qe5+ 39. Be3 Qb2 40. Rxc5+ bxc5 41. Qc8+ Kd5 42. Qxc5+ Ke4 43. f3# 1-0